Lenguas mayas de Guatemala : documento de referencia para la pronunciación de los nuevos alfabetos oficiales /

Guardado en:
Bibliografiske detaljer
Institution som forfatter: Guatemala. Instituto Indigenista Nacional
Format: Ukendt
Sprog:Spanish
Udgivet: Guatemala : Figueroa, [1988].
Fag:
Tags: Tilføj Tag
Ingen Tags, Vær først til at tagge denne postø!

MARC

LEADER 000000000a22000000004500
001 002047
041 0 |a spa 
082 0 4 |a 497.415   |b L566L 
110 1 |a Guatemala.   |b Instituto Indigenista Nacional 
245 1 0 |a Lenguas mayas de Guatemala :   |b documento de referencia para la pronunciación de los nuevos alfabetos oficiales /   |c Instituto Indigenista Nacional de Guatemala. 
260 1 |a Guatemala :   |b Figueroa,   |c [1988]. 
300 |a 41 páginas :   |b ilustraciones 
650 4 |a LENGUA MAYA 
650 4 |a ALFABETO 
650 4 |a ORTOGRAFIA 
650 4 |a PRONUNCIACION 
650 4 |a GUATEMALA 
999 |c 8652  |d 8652 
942 |c BK  |h 497.415 L566L  |2 z